[Event "Portimao op"]
[Site "Portimao"]
[Date "2024.02.14"]
[Round "4"]
[White "Spraggett, Kevin"]
[Black "Martins, Bruno Andre Leite"]
[Result "1/2-1/2"]
[WhiteElo "2447"]
[BlackElo "2347"]
[PlyCount "55"]
[EventDate "2024.02.11"]
[EventType "swiss"]
[EventRounds "9"]
[EventCountry "POR"]
[SourceTitle "CB09_2024"]
[SourceDate "2024.02.28"]
[SourceVersion "1"]
[SourceVersionDate "2024.02.28"]
[SourceQuality "1"]

1. c4 Nf6 2. Nf3 e6 3. g3 d5 4. Bg2 Be7 5. 0-0 0-0 6. b3 c5 7. e3 Nc6 8. Bb2 d4 9. exd4 cxd4 10. Re1 Re8 11. d3 Bd6 12. a3 a5 13. Nbd2 e5 14. Qc2 Bf5 15. Nh4 Be6 16. Ne4 Nxe4 17. Bxe4 Rc8 18. Bc1 Qd7 19. Bd2 b6 20. b4 b5 21. c5 Be7 22. Nf3 a4 23. Bc1 f6 24. h4 Bf8 25. Nd2 f5 26. Bg2 Qf7 27. Bb2 g6 28. Qd1 1/2-1/2

[Event "Portimao op"]
[Site "Portimao"]
[Date "2024.02.12"]
[Round "3"]
[White "Goncalves, Samuel Jesus P"]
[Black "Spraggett, Kevin"]
[Result "0-1"]
[WhiteElo "2219"]
[BlackElo "2447"]
[PlyCount "60"]
[EventDate "2024.02.11"]
[EventType "swiss"]
[EventRounds "9"]
[EventCountry "POR"]
[SourceTitle "CB09_2024"]
[SourceDate "2024.02.28"]
[SourceVersion "1"]
[SourceVersionDate "2024.02.28"]
[SourceQuality "1"]

1. e4 c5 2. Nf3 d6 3. Bb5+ Bd7 4. Bxd7+ Nxd7 5. 0-0 Ngf6 6. Qe2 e6 7. d4 cxd4 8. Nxd4 Be7 9. c4 0-0 10. b3 a6 11. Bb2 Re8 12. Nc3 Bf8 13. Rad1 g6 14. Kh1 Rc8 15. f4 e5 16. fxe5 Nxe5 17. Qf2 Bg7 18. h3 Ned7 19. Nf3 Qe7 20. Nd5 Nxd5 21. Bxg7 Kxg7 22. exd5 Nc5 23. Qd4+ Qf6 24. Qg4 h5 25. Qg3 Ne4 26. Qh2 h4 27. Kg1 Ng3 28. Rfe1 b5 29. Rxe8 Rxe8 30. c5 Qc3 0-1

[Event "Portimao op"]
[Site "Portimao"]
[Date "2024.02.11"]
[Round "1"]
[White "Moldovan, Lucas Gabriel"]
[Black "Spraggett, Kevin"]
[Result "0-1"]
[WhiteElo "1737"]
[BlackElo "2447"]
[PlyCount "54"]
[EventDate "2024.02.11"]
[EventType "swiss"]
[EventRounds "9"]
[EventCountry "POR"]
[SourceTitle "CB09_2024"]
[SourceDate "2024.02.28"]
[SourceVersion "1"]
[SourceVersionDate "2024.02.28"]
[SourceQuality "1"]

1. e4 c5 2. Nc3 d6 3. f4 e6 4. Nf3 a6 5. d4 cxd4 6. Qxd4 Nc6 7. Qd2 Nf6 8. b3 d5 9. exd5 exd5 10. a3 d4 11. Qe2+ Be7 12. Ne4 0-0 13. Nxf6+ Bxf6 14. Qd3 Re8+ 15. Be2 g6 16. Bb2 Re3 17. Qd2 Qe7 18. Kf2 Rxe2+ 19. Qxe2 Qxe2+ 20. Kxe2 d3+ 21. Kxd3 Bxb2 22. Rae1 Bf5+ 23. Kc4 Bxa3 24. Nd4 Na5+ 25. Kd5 Rd8+ 26. Ke5 Bb2 27. g4 Bxd4# 0-1

[Event "Monsaraz Rapid op"]
[Site "Monsaraz"]
[Date "2023.11.25"]
[Round "5"]
[White "Spraggett, Kevin"]
[Black "Pinho, Tiago"]
[Result "1-0"]
[WhiteElo "2480"]
[BlackElo "1939"]
[PlyCount "69"]
[EventDate "2023.11.25"]
[EventType "swiss (rapid)"]
[EventRounds "9"]
[EventCountry "POR"]
[SourceTitle "CB48_2023"]
[SourceDate "2023.11.29"]
[SourceVersion "1"]
[SourceVersionDate "2023.11.29"]
[SourceQuality "1"]

1. d4 Nf6 2. c4 c5 3. d5 b5 4. cxb5 a6 5. e3 d6 6. Nc3 g6 7. a4 Bg7 8. Nf3 0-0 9. Ra3 axb5 10. Bxb5 Ba6 11. 0-0 Bxb5 12. Nxb5 Ne8 13. e4 Nc7 14. Nxc7 Qxc7 15. Nd2 Nd7 16. Nc4 Nb6 17. Ne3 Rfb8 18. b3 c4 19. b4 Nd7 20. b5 Nc5 21. Nxc4 Nxe4 22. Ne3 Qc5 23. Qb3 Nc3 24. Bb2 Ne2+ 25. Kh1 Bxb2 26. Qxb2 Nf4 27. Rc1 Qb6 28. g3 Nh5 29. a5 Rxa5 30. Rc6 Qd8 31. Rxa5 Qxa5 32. b6 Qe1+ 33. Kg2 Nf6 34. b7 Nxd5 35. Rc8+ 1-0

[Event "Monsaraz op"]
[Site "Monsaraz"]
[Date "2023.11.23"]
[Round "4"]
[White "Spraggett, Kevin"]
[Black "Audi, Ameya"]
[Result "0-1"]
[WhiteElo "2480"]
[BlackElo "2371"]
[PlyCount "124"]
[EventDate "2023.11.21"]
[EventType "swiss"]
[EventRounds "9"]
[EventCountry "POR"]
[SourceTitle "CB49_2023"]
[SourceDate "2023.12.06"]
[SourceVersion "1"]
[SourceVersionDate "2023.12.06"]
[SourceQuality "1"]

1. Nf3 Nf6 2. d4 g6 3. g3 Bg7 4. Bg2 0-0 5. 0-0 d6 6. a4 c6 7. Re1 Qc7 8. e4 e5 9. c3 Re8 10. Nbd2 Nbd7 11. h3 b6 12. dxe5 Nxe5 13. Nxe5 dxe5 14. Nc4 Be6 15. Qe2 Nd7 16. b4 b5 17. Ne3 bxa4 18. Rxa4 a5 19. Bd2 axb4 20. Rxa8 Rxa8 21. cxb4 Ra2 22. Rc1 Qb6 23. Rc2 Ra1+ 24. Kh2 Bf8 25. Bc3 Ra4 26. Rb2 f6 27. Bf1 Kg7 28. Qd1 Ra7 29. Nc4 Qc7 30. Rd2 Kh8 31. Qf3 Be7 32. h4 h5 33. Bh3 Bxh3 34. Kxh3 Kg7 35. Qe3 Ra4 36. Qd3 Nf8 37. Qc2 Ra7 38. Kh2 Qb8 39. Qb2 Qb5 40. Nd6 Qb8 41. Nc4 Qb5 42. Nd6 Qb8 43. Nc4 Rd7 44. Rxd7 Nxd7 45. Qd2 Nf8 46. Ne3 Qb5 47. g4 hxg4 48. h5 gxh5 49. Nf5+ Kf7 50. Qh6 g3+ 51. Kg2 Ke8 52. Qg7 Bxb4 53. Qxf6 gxf2 54. Ng7+ Kd7 55. Qf5+ Kd8 56. Qxf2 Qc4 57. Qb6+ Kc8 58. Bxb4 Ng6 59. Qf2 Nf4+ 60. Kh2 Qxb4 61. Nxh5 Qxe4 62. Nf6 Qf5 0-1

[Event "Monsaraz op"]
[Site "Monsaraz"]
[Date "2023.11.21"]
[Round "1"]
[White "Spraggett, Kevin"]
[Black "Ansari, Athar"]
[Result "1-0"]
[WhiteElo "2480"]
[BlackElo "1908"]
[PlyCount "61"]
[EventDate "2023.11.21"]
[EventType "swiss"]
[EventRounds "9"]
[EventCountry "POR"]
[SourceTitle "CB49_2023"]
[SourceDate "2023.12.06"]
[SourceVersion "1"]
[SourceVersionDate "2023.12.06"]
[SourceQuality "1"]

1. d4 d5 2. Nf3 Nf6 3. c4 c6 4. e3 e6 5. Bd3 Nbd7 6. 0-0 Bd6 7. Nc3 b6 8. e4 dxe4 9. Nxe4 Be7 10. Nc3 Qc7 11. Re1 Bb7 12. a4 Bb4 13. Bd2 Bd6 14. a5 Rd8 15. Qe2 Bf4 16. b4 Bxd2 17. Qxd2 0-0 18. axb6 axb6 19. c5 Ra8 20. h3 Rxa1 21. Rxa1 Rd8 22. Re1 bxc5 23. dxc5 Nd5 24. Nxd5 exd5 25. Re7 f6 26. Qe3 Bc8 27. Qe6+ Kh8 28. Qf7 Rg8 29. Re8 Rxe8 30. Qxe8+ Nf8 31. Qxf8# 1-0

[Event "Figueira da Foz op 17th"]
[Site "Figueira da Foz"]
[Date "2023.11.12"]
[Round "9"]
[White "Spraggett, Kevin"]
[Black "Walter, Szymon"]
[Result "1-0"]
[WhiteElo "2480"]
[BlackElo "2328"]
[PlyCount "69"]
[EventDate "2023.11.05"]
[EventType "swiss"]
[EventRounds "9"]
[EventCountry "POR"]
[SourceTitle "CB46_2023"]
[SourceDate "2023.11.15"]
[SourceVersion "1"]
[SourceVersionDate "2023.11.15"]
[SourceQuality "1"]

1. d4 Nf6 2. c4 e6 3. Nf3 Bb4+ 4. Nbd2 0-0 5. a3 Be7 6. e4 d6 7. Be2 Nbd7 8. Qc2 e5 9. Nb1 Re8 10. Nc3 Bf8 11. 0-0 c6 12. d5 c5 13. Bd2 g6 14. g3 Bg7 15. Nh4 Rf8 16. Bg5 h6 17. Be3 Kh7 18. Qd2 Qe7 19. f3 Ne8 20. Rae1 h5 21. Ng2 a6 22. b4 a5 23. b5 Nb6 24. Nd1 f5 25. Nf2 Nf6 26. exf5 Bxf5 27. Nh4 e4 28. Bg5 Qe5 29. Bd3 Qd4 30. fxe4 Bd7 31. e5 Ng4 32. Bxg6+ Kg8 33. Qxd4 cxd4 34. e6 Be8 35. Nxg4 1-0

[Event "Figueira da Foz op 17th"]
[Site "Figueira da Foz"]
[Date "2023.11.11"]
[Round "8"]
[White "Rajesh, VAV"]
[Black "Spraggett, Kevin"]
[Result "1-0"]
[WhiteElo "2310"]
[BlackElo "2480"]
[PlyCount "109"]
[EventDate "2023.11.05"]
[EventType "swiss"]
[EventRounds "9"]
[EventCountry "POR"]
[SourceTitle "CB46_2023"]
[SourceDate "2023.11.15"]
[SourceVersion "1"]
[SourceVersionDate "2023.11.15"]
[SourceQuality "1"]

1. d4 Nf6 2. c4 e6 3. Nc3 Bb4 4. e3 0-0 5. Bd3 d5 6. Nf3 dxc4 7. Bxc4 c5 8. 0-0 b6 9. Qe2 cxd4 10. exd4 Bb7 11. Bg5 Bxc3 12. bxc3 Nbd7 13. Rac1 Qc7 14. Bd3 h6 15. Bd2 Ng4 16. Be4 Bxe4 17. Qxe4 Ngf6 18. Qe2 Rfe8 19. Rfe1 Rac8 20. c4 Qb7 21. Rc3 Qa6 22. a3 Nh7 23. Rec1 Qb7 24. Ne5 Nxe5 25. dxe5 Kh8 26. Rg3 Rcd8 27. Be3 Rg8 28. Rg4 Qa6 29. Rg3 Qb7 30. h4 Qc7 31. Qh5 Rd7 32. c5 bxc5 33. Rxc5 Qb8 34. Qg4 Qb1+ 35. Rc1 Qb8 36. Qe4 Rd5 37. Bf4 Qd8 38. Be3 Qb8 39. Qf3 Rd7 40. Bf4 Qd8 41. Qh5 Qa8 42. Rgc3 Qd8 43. Be3 Qa5 44. Bc5 Re8 45. Bb4 Qd8 46. Bd6 Qa8 47. Rc7 Red8 48. Be7 Rxc7 49. Rxc7 Rg8 50. Qxf7 Qe4 51. Qxe6 Qe1+ 52. Kh2 Qxf2 53. Rc8 Qf4+ 54. Kh3 Nf8 55. Qxg8+ 1-0

[Event "Lisbon Portugal rapid op"]
[Site "Lisbon"]
[Date "2022.09.03"]
[Round "1"]
[White "Spraggett, Kevin"]
[Black "Silva, Lourenco Santa Clar"]
[Result "1-0"]
[WhiteElo "2472"]
[BlackElo "1632"]
[PlyCount "83"]
[EventDate "2022.09.03"]
[EventType "swiss (rapid)"]
[EventRounds "11"]
[EventCountry "POR"]
[SourceTitle "CBM 210 Extra"]
[Source "ChessBase"]
[SourceDate "2022.11.30"]
[SourceVersion "1"]
[SourceVersionDate "2022.11.30"]
[SourceQuality "1"]

1. Nf3 Nf6 2. c4 g6 3. b3 Bg7 4. Bb2 0-0 5. g3 c6 6. Bg2 d5 7. 0-0 e6 8. d3 Nbd7 9. Nbd2 Re8 10. Qc2 Rb8 11. Rac1 b6 12. cxd5 cxd5 13. Nd4 Bb7 14. Nc6 Bxc6 15. Qxc6 Rc8 16. Qa4 Rc7 17. Rc2 Rxc2 18. Rd1 Rc1 19. Rxc1 Qb8 20. b4 Qb7 21. Nf3 b5 22. Qc2 Nb6 23. Nd4 Na4 24. Ba1 Nd7 25. a3 a6 26. Qb1 Ndb6 27. Nb3 Bxa1 28. Qxa1 Rc8 29. Nc5 Qa7 30. e4 dxe4 31. Bxe4 Nd5 32. Bxd5 exd5 33. d4 Nb6 34. Re1 Rc7 35. Re8+ Kg7 36. Qe1 Nc4 37. h4 h5 38. Qe2 Qb6 39. Rd8 Qc6 40. Qf3 Nd6 41. Ne6+ Kh7 42. Qf6 1-0

[Event "Mirandela op 3rd"]
[Site "Mirandela"]
[Date "2022.08.23"]
[Round "9"]
[White "Kosakowski, Jakub"]
[Black "Spraggett, Kevin"]
[Result "1-0"]
[WhiteElo "2432"]
[BlackElo "2487"]
[PlyCount "73"]
[EventDate "2022.08.17"]
[EventType "swiss"]
[EventRounds "9"]
[EventCountry "POR"]
[SourceTitle "CBM 209 Extra"]
[Source "ChessBase"]
[SourceDate "2022.09.30"]
[SourceVersion "1"]
[SourceVersionDate "2022.09.30"]
[SourceQuality "1"]

1. e4 c5 2. Nf3 e6 3. d4 cxd4 4. Nxd4 a6 5. Bd3 Nf6 6. 0-0 d6 7. c4 Be7 8. Nc3 0-0 9. Qe2 Nbd7 10. f4 g6 11. Be3 Re8 12. Kh1 Bf8 13. Rad1 Qc7 14. Bc2 b6 15. e5 dxe5 16. fxe5 Qxe5 17. Nf3 Qc7 18. Ng5 Bg7 19. Nce4 Re7 20. Nd6 Bb7 21. Bf4 e5 22. Bg3 Rf8 23. Bh4 Bc6 24. b4 h6 25. Ngxf7 Rexf7 26. Nxf7 Rxf7 27. Bxg6 Rf8 28. Bc2 Kh8 29. Bf5 b5 30. Be6 Re8 31. Bxd7 Nxd7 32. Rf7 Rf8 33. Re7 Rf4 34. Qh5 Qd6 35. h3 Rd4 36. Rxd4 Qxd4 37. Qg6 1-0

[Event "Mirandela op 3rd"]
[Site "Mirandela"]
[Date "2022.08.22"]
[Round "8"]
[White "Spraggett, Kevin"]
[Black "Nguyen, Piotr"]
[Result "1-0"]
[WhiteElo "2487"]
[BlackElo "2424"]
[PlyCount "99"]
[EventDate "2022.08.17"]
[EventType "swiss"]
[EventRounds "9"]
[EventCountry "POR"]
[SourceTitle "CBM 209 Extra"]
[Source "ChessBase"]
[SourceDate "2022.09.30"]
[SourceVersion "1"]
[SourceVersionDate "2022.09.30"]
[SourceQuality "1"]

1. e4 c5 2. Nf3 g6 3. d4 cxd4 4. Nxd4 Nc6 5. c4 Nf6 6. Nc3 Nxd4 7. Qxd4 d6 8. f3 Bg7 9. Be3 0-0 10. Qd2 a5 11. Na4 Be6 12. Rc1 Nd7 13. b3 Qc7 14. Be2 Nc5 15. Nc3 Qb6 16. Nb5 f5 17. exf5 gxf5 18. f4 Bd7 19. 0-0 Bc6 20. Rfe1 Qd8 21. Bf1 b6 22. Nc3 Rb8 23. Rcd1 Rb7 24. Bd4 Bxd4+ 25. Qxd4 Rf6 26. g3 Qf8 27. Bg2 Bxg2 28. Kxg2 Qg7 29. Re3 Rf8 30. Qd5+ Qf7 31. Qc6 Rfb8 32. Rde1 Kf8 33. Qf3 e6 34. a3 Re7 35. b4 Nb7 36. Nb5 axb4 37. axb4 Rc8 38. Nd4 Nd8 39. Qe2 Rec7 40. Nb5 Rc6 41. Qd3 Qd7 42. Kh3 Kf7 43. Nd4 Rxc4 44. Nxe6 Nxe6 45. Qxf5+ Kg8 46. Rxe6 R4c7 47. Qg4+ Kh8 48. f5 d5 49. f6 Rc4 50. Re8+ 1-0

[Event "Mirandela op 3rd"]
[Site "Mirandela"]
[Date "2022.08.18"]
[Round "3"]
[White "Levin, Guy"]
[Black "Spraggett, Kevin"]
[Result "1/2-1/2"]
[WhiteElo "2352"]
[BlackElo "2487"]
[PlyCount "50"]
[EventDate "2022.08.17"]
[EventType "swiss"]
[EventRounds "9"]
[EventCountry "POR"]
[SourceTitle "CBM 209 Extra"]
[Source "ChessBase"]
[SourceDate "2022.09.30"]
[SourceVersion "1"]
[SourceVersionDate "2022.09.30"]
[SourceQuality "1"]

1. e4 c5 2. Nf3 e6 3. g3 Nc6 4. Bg2 Nf6 5. Qe2 d5 6. exd5 Nxd5 7. 0-0 Be7 8. Rd1 Qb6 9. Na3 0-0 10. Nc4 Qc7 11. c3 b6 12. d3 Bb7 13. h4 b5 14. Nce5 Nxe5 15. Nxe5 Nf6 16. Be4 Bc6 17. Bxc6 Qb7 18. h5 h6 19. a4 a6 20. Ng4 Rad8 21. axb5 axb5 22. Nxf6+ Bxf6 23. Qg4 Kh8 24. Qe2 Kg8 25. Qg4 Kh8 1/2-1/2

[Event "Mirandela op 3rd"]
[Site "Mirandela"]
[Date "2022.08.17"]
[Round "1"]
[White "Roig Squire, Jason"]
[Black "Spraggett, Kevin"]
[Result "0-1"]
[WhiteElo "1984"]
[BlackElo "2487"]
[PlyCount "44"]
[EventDate "2022.08.17"]
[EventType "swiss"]
[EventRounds "9"]
[EventCountry "POR"]
[SourceTitle "CBM 209 Extra"]
[Source "ChessBase"]
[SourceDate "2022.09.30"]
[SourceVersion "1"]
[SourceVersionDate "2022.09.30"]
[SourceQuality "1"]

1. e4 c5 2. Nf3 e6 3. Nc3 a6 4. a4 d6 5. Be2 Nf6 6. 0-0 Qc7 7. d4 cxd4 8. Nxd4 Be7 9. Be3 b6 10. Nb3 Bb7 11. f3 0-0 12. Qe1 Nc6 13. Qf2 Nd7 14. Rfd1 Rfe8 15. Nd2 Nb4 16. Rac1 d5 17. exd5 exd5 18. Nb3 Bf6 19. Bd4 Bg5 20. Nd2 Qd6 21. Qg3 Qh6 22. h3 Nc6 0-1

[Event "Leca da Palmeira op"]
[Site "Leca da Palmeira"]
[Date "2022.08.04"]
[Round "8"]
[White "Nigmatov, Ortik"]
[Black "Spraggett, Kevin"]
[Result "1/2-1/2"]
[WhiteElo "2437"]
[BlackElo "2487"]
[PlyCount "173"]
[EventDate "2022.07.31"]
[EventType "swiss"]
[EventRounds "9"]
[EventCountry "POR"]
[SourceTitle "CBM 209 Extra"]
[Source "ChessBase"]
[SourceDate "2022.09.30"]
[SourceVersion "1"]
[SourceVersionDate "2022.09.30"]
[SourceQuality "1"]

1. e4 c5 2. Nf3 e6 3. d4 cxd4 4. Nxd4 Nc6 5. Nc3 Qc7 6. Be3 a6 7. Qf3 Nf6 8. 0-0-0 h5 9. Nxc6 bxc6 10. Bc4 Be7 11. Bb3 a5 12. Rhe1 Bb7 13. Bg5 c5 14. Qd3 Bc6 15. e5 Nd5 16. Bxe7 Nxe7 17. Nb5 Qb6 18. Nd6+ Kf8 19. Qe3 g6 20. Nc4 Qa7 21. a4 Nf5 22. Qg5 Rb8 23. Qf6 Rh7 24. Rd3 Qc7 25. Nd6 Qb6 26. Red1 Nxd6 27. exd6 Re8 28. Re3 Qb4 29. Qc3 Bxg2 30. Rg1 Bc6 31. Qe5 Qd4 32. c3 Qh4 33. Bc2 Rg7 34. Reg3 f6 35. Qxc5 g5 36. Qe3 Bxa4 37. Qf3 g4 38. Qd3 Bxc2 39. Kxc2 Qxh2 40. Qe3 f5 41. Qd4 Kg8 42. Kb1 h4 43. R3g2 Qh3 44. Qf6 Qd3+ 45. Kc1 h3 46. Rg3 Qxd6 47. Rxh3 Qf4+ 48. Kd1 Qxf2 49. Rxg4 Qf1+ 50. Kd2 Qf2+ 51. Kd1 fxg4 52. Qxf2 gxh3 53. Qh4 Rb8 54. Kc2 Rg2+ 55. Kd3 h2 56. b4 axb4 57. Qh3 h1Q 58. Qxh1 Rg3+ 59. Kd4 bxc3 60. Qh2 Rb4+ 61. Ke5 Rbg4 62. Qc2 Kg7 63. Kd6 Rd4+ 64. Ke7 Rd2 65. Qe4 Rd5 66. Qf4 Rg6 67. Qf3 c2 68. Qc3+ e5 69. Qxc2 Re6+ 70. Kd8 e4 71. Qg2+ Kf6 72. Qf2+ Rf5 73. Qd4+ Ree5 74. Qe3 Rf3 75. Qh6+ Kf5 76. Qh7+ Kf4 77. Qh2+ Kf5 78. Qh7+ Kg5 79. Qg7+ Kf4 80. Qh6+ Rg5 81. Kxd7 e3 82. Kd6 e2 83. Qf6+ Rf5 84. Qd4+ Kg3 85. Qg1+ Kf4 86. Qd4+ Kg3 87. Qg1+ 1/2-1/2

[Event "Leca da Palmeira op"]
[Site "Leca da Palmeira"]
[Date "2022.08.01"]
[Round "4"]
[White "Krishna, C Revanth Gopala"]
[Black "Spraggett, Kevin"]
[Result "1/2-1/2"]
[WhiteElo "2430"]
[BlackElo "2487"]
[PlyCount "142"]
[EventDate "2022.07.31"]
[EventType "swiss"]
[EventRounds "9"]
[EventCountry "POR"]
[SourceTitle "CBM 209 Extra"]
[Source "ChessBase"]
[SourceDate "2022.09.30"]
[SourceVersion "1"]
[SourceVersionDate "2022.09.30"]
[SourceQuality "1"]

1. d4 Nf6 2. c4 d6 3. g3 g6 4. Bg2 Bg7 5. Nf3 0-0 6. Nc3 Nbd7 7. 0-0 e5 8. e4 c6 9. h3 exd4 10. Nxd4 Qb6 11. Nc2 Ne5 12. b3 Qa5 13. Bd2 Qc7 14. Be3 Re8 15. f4 Ned7 16. Qd2 Qa5 17. Nd4 Nc5 18. Bf2 Qc7 19. Rfe1 a5 20. Rad1 Nfd7 21. Ndb5 cxb5 22. Nxb5 Qb8 23. Nxd6 Rf8 24. e5 Ra6 25. Qc2 Qc7 26. Nb5 Qb8 27. Nd6 Qc7 28. a3 Ne6 29. Qd2 Rd8 30. Qd5 Nb6 31. Qf3 Bf8 32. Nxc8 Qxc8 33. Qxb7 Nc5 34. Qxc8 Rxc8 35. b4 axb4 36. axb4 Nxc4 37. bxc5 Bxc5 38. Bxc5 Rxc5 39. Rd8+ Kg7 40. Rd7 Nb6 41. Rd6 Rc2 42. Bf1 Ra3 43. Rxb6 Rxg3+ 44. Kh1 Rf3 45. Rb7 Kf8 46. Rd1 Rc8 47. Rb4 Rc2 48. Rb8+ Kg7 49. Rb7 Rcf2 50. Bg2 Rg3 51. Bf1 Rxf4 52. e6 Re3 53. e7 Rfe4 54. Rdd7 Rf4 55. Bg2 Rf2 56. Kg1 Rf6 57. Rdc7 Re2 58. Bd5 Re1+ 59. Kh2 Re2+ 60. Kg1 Re1+ 61. Kg2 Re2+ 62. Kg3 Re3+ 63. Kh2 Re2+ 64. Bg2 Rff2 65. Kh1 Re1+ 66. Kh2 Ree2 67. Kh1 Re1+ 68. Kh2 Ree2 69. e8N+ Kf8 70. Nd6 Rxg2+ 71. Kh1 Rh2+ 1/2-1/2

[Event "Leca da Palmeira op"]
[Site "Leca da Palmeira"]
[Date "2022.08.01"]
[Round "3"]
[White "Spraggett, Kevin"]
[Black "Borges, Guilherme Deola"]
[Result "1-0"]
[WhiteElo "2487"]
[BlackElo "2185"]
[PlyCount "47"]
[EventDate "2022.07.31"]
[EventType "swiss"]
[EventRounds "9"]
[EventCountry "POR"]
[SourceTitle "CBM 209 Extra"]
[Source "ChessBase"]
[SourceDate "2022.09.30"]
[SourceVersion "1"]
[SourceVersionDate "2022.09.30"]
[SourceQuality "1"]

1. e4 c5 2. Nf3 e6 3. d4 cxd4 4. Nxd4 Nc6 5. Nb5 d6 6. c4 Nf6 7. N5c3 Be7 8. Be2 b6 9. 0-0 Bb7 10. Bf4 0-0 11. Re1 Ne5 12. Nd2 h6 13. Rc1 g5 14. Bg3 Rc8 15. a3 Qc7 16. b4 Qb8 17. h3 Qa8 18. Bf1 Kh7 19. Nf3 Nxf3+ 20. Qxf3 Nd7 21. Nd5 Ne5 22. Bxe5 exd5 23. Qf5+ Kg8 24. exd5 1-0

[Event "Leca da Palmeira op"]
[Site "Leca da Palmeira"]
[Date "2022.07.31"]
[Round "1"]
[White "Spraggett, Kevin"]
[Black "Fernandes, Francisco Justo San"]
[Result "1-0"]
[WhiteElo "2487"]
[BlackElo "1788"]
[PlyCount "99"]
[EventDate "2022.07.31"]
[EventType "swiss"]
[EventRounds "9"]
[EventCountry "POR"]
[SourceTitle "CBM 209 Extra"]
[Source "ChessBase"]
[SourceDate "2022.09.30"]
[SourceVersion "1"]
[SourceVersionDate "2022.09.30"]
[SourceQuality "1"]

1. c4 c5 2. g3 Nc6 3. Bg2 g6 4. Nc3 Bg7 5. e3 e6 6. Nge2 Nge7 7. Nf4 a6 8. d3 Rb8 9. h4 b5 10. Qd2 bxc4 11. dxc4 Ne5 12. Qe2 Rb4 13. Nd3 Nxd3+ 14. Qxd3 Nc6 15. f4 Bb7 16. 0-0 0-0 17. Rb1 Na5 18. Bxb7 Rxb7 19. b3 Nc6 20. Na4 Qc7 21. Ba3 Nb4 22. Qd2 Rd8 23. Rbc1 d5 24. Rfd1 d4 25. Bxb4 Rxb4 26. exd4 Rxd4 27. Qe1 Rb8 28. Rxd4 Bxd4+ 29. Kh2 e5 30. Qe4 exf4 31. Qxf4 Be5 32. Qe3 Bd4 33. Qe4 Rd8 34. Rd1 Kg7 35. Kg2 Rd7 36. Re1 Bf6 37. Qf3 Qd6 38. Re2 Bd4 39. h5 f5 40. Re8 Kf7 41. Re2 Kf6 42. hxg6 hxg6 43. Qa8 f4 44. Qf3 g5 45. Nc3 Bxc3 46. Qxc3+ Qd4 47. Qf3 Kg7 48. Qg4 Kf6 49. gxf4 Re7 50. Qxg5+ 1-0

[Event "Famalicao op 9th"]
[Site "Vila Nova de Famalicao"]
[Date "2022.07.27"]
[Round "5"]
[White "Spraggett, Kevin"]
[Black "Umetsubo, Cesar Hidemitsu"]
[Result "1/2-1/2"]
[WhiteElo "2487"]
[BlackElo "2405"]
[PlyCount "94"]
[EventDate "2022.07.25"]
[EventType "swiss"]
[EventRounds "9"]
[EventCountry "POR"]
[SourceTitle "CBM 209 Extra"]
[Source "ChessBase"]
[SourceDate "2022.09.30"]
[SourceVersion "1"]
[SourceVersionDate "2022.09.30"]
[SourceQuality "1"]

1. c4 Nf6 2. g3 c5 3. Bg2 d5 4. cxd5 Nxd5 5. Nc3 Nc7 6. b3 e5 7. Bb2 Be7 8. Rc1 f6 9. Nh3 Be6 10. f4 Qd7 11. Nf2 Nc6 12. fxe5 Nxe5 13. Bxb7 Rb8 14. Bg2 c4 15. d4 cxd3 16. Nxd3 Nxd3+ 17. Qxd3 Qxd3 18. exd3 Rd8 19. Ne2 Bd5 20. Rxc7 Bxg2 21. Rg1 Bh3 22. Kd2 Rd7 23. Rgc1 Bb4+ 24. Ke3 Ba5 25. Rxd7 Kxd7 26. Nf4 Bf5 27. Bc3 Bb6+ 28. Kd2 h5 29. Nd5 h4 30. Nxb6+ axb6 31. Bd4 hxg3 32. hxg3 Rh2+ 33. Ke3 Rxa2 34. Bxb6 Rb2 35. Rc3 Be6 36. Rc7+ Kd6 37. Rxg7 Rxb3 38. Bc7+ Kc6 39. Bd8 Bf5 40. Bxf6 Bxd3 41. g4 Kd6 42. Kf4 Ke6 43. Bd4 Rb4 44. Ke3 Bb1 45. Ra7 Rb3+ 46. Kf2 Rb4 47. Ke3 Rb3+ 1/2-1/2

[Event "Figueira da Foz op 15th"]
[Site "Figueira da Foz"]
[Date "2021.11.05"]
[Round "7"]
[White "Leite Oralova, Catarina"]
[Black "Spraggett, Kevin"]
[Result "0-1"]
[WhiteElo "2103"]
[BlackElo "2495"]
[PlyCount "25"]
[EventDate "2021.10.31"]
[EventType "swiss"]
[EventRounds "9"]
[EventCountry "POR"]
[SourceTitle "CBM 205 Extra"]
[Source "ChessBase"]
[SourceDate "2022.01.31"]
[SourceVersion "1"]
[SourceVersionDate "2022.01.31"]
[SourceQuality "1"]

1. e4 c5 2. Nf3 Nc6 3. d4 cxd4 4. Nxd4 Nf6 5. Nc3 d6 6. Be2 e5 7. Nf3 h6 8. Be3 Be6 9. 0-0 Be7 10. a3 0-0 11. Qd3 a6 12. Nd5 Bxd5 13. exd5 0-1

[Event "Lisbon Portugal op"]
[Site "Lisbon"]
[Date "2020.02.01"]
[Round "9"]
[White "Spraggett, Kevin"]
[Black "Bashirli, Nail Qoshqar"]
[Result "1-0"]
[WhiteElo "2501"]
[BlackElo "2379"]
[PlyCount "107"]
[EventDate "2020.01.25"]
[EventType "swiss"]
[EventRounds "9"]
[EventCountry "POR"]
[SourceTitle "CBM 194"]
[Source "ChessBase"]
[SourceDate "2020.01.27"]
[SourceVersion "1"]
[SourceVersionDate "2020.01.27"]
[SourceQuality "1"]

1. e4 c5 2. Nf3 Nf6 3. Nc3 d6 4. d4 cxd4 5. Nxd4 Nc6 6. Bg5 e6 7. Qd2 a6 8. 0-0-0 Bd7 9. f4 Be7 10. Nf3 b5 11. Bxf6 gxf6 12. f5 Qb6 13. Qh6 0-0-0 14. Qh5 Rhf8 15. Kb1 Kb8 16. Bd3 Rc8 17. Rhe1 Qa5 18. fxe6 fxe6 19. Ne2 Rc7 20. Nfd4 Nb4 21. Nc1 Rfc8 22. Qf7 Bf8 23. c3 Nxd3 24. Nxd3 b4 25. Nxb4 e5 26. Ne6 Bxe6 27. Qxe6 Rb7 28. Qd5 Qb6 29. Qd2 Ka8 30. Nd5 Qa5 31. b3 Rcb8 32. Kb2 Qa4 33. Qc2 a5 34. c4 Qc6 35. Qc3 Qc5 36. Rf1 a4 37. Ra1 Bh6 38. Kc2 Rg8 39. g3 Rg4 40. b4 Qa7 41. Rae1 a3 42. Rxf6 Rf7 43. Rxf7 Qxf7 44. Qxa3+ Kb8 45. Qd3 Qf2+ 46. Re2 Qg1 47. Kb3 Rg7 48. Nc3 Rg6 49. a4 Rf6 50. c5 Bf8 51. c6 Rf7 52. Nd5 Ra7 53. a5 Bh6 54. Qc2 1-0